00848nam a2200205Ia 4500001001000000003000500010008004100015010001100056040000900067100003400076245020400110260003400314300001000348502010600358650002700464650002900491650005000520650002200570710005000592Para_9114CHAP220125s2006 xx 000 0 und d a207867 cCHAP aSima González, Shenia Arely aEvaluación de eficacia biológica de nematicidas orgánicos en contra de Meloidogyne incognita en el cultivo de tomate, en el Ejido Culiacán, Elota, Sinaloa /c por Shenia Arely Sima González aChapingo, Méx. :b el autor a56 h. aTesis (Ing. Agr. Esp. en Parasitología Agrícola) -- UACh. Departamento Parasitología Agrícola aMeloidogyne incognita  aNematicidas orgánicos  aNemátodos parásitos de plantas x control aTomate x plagas  aUACh. Departamento Parasitología Agrícola